| 000 | 00691cam a2200229 a 4500 | ||
|---|---|---|---|
| 001 | 000003653 | ||
| 005 | 20200929150522.0 | ||
| 008 | 961016s1997 sp 001 0 spa | ||
| 020 | _a8401327059 | ||
| 040 |
_aDO-SdBNP _bspa _cBNPHU |
||
| 082 |
_a813.54 _bF459u |
||
| 100 | 1 |
_aFielding, Joy, _d1945- _911199 |
|
| 245 | 1 | 3 |
_aLa última pieza / _cJoy Fielding ; traducción, Milla Soler. |
| 260 |
_aBarcelona : _bPlaza & Janés, _c1997. |
||
| 300 |
_a412 p. ; _c21 cm. |
||
| 650 | 4 |
_aNovela estadounidense _9262 |
|
| 650 | 4 |
_aNovela psicológica _911200 |
|
| 650 | 4 |
_aLiteratura estadounidense _9263 |
|
| 700 | 1 |
_aSoler, Milla, _etr. _911201 |
|
| 910 | _aCatalogación derivada | ||
| 910 | _aWM | ||
| 999 |
_c3476 _d3476 |
||